|
|
|
|
| LEADER |
00887nam a2200229 4500 |
| 001 |
c000123783 |
| 003 |
CARM |
| 005 |
00000000000000.0 |
| 008 |
910821s1965 ne 0001 eng S |
| 019 |
1 |
|
|a 8796922
|z 45926444
|z 24398039
|5 LACONCORD2021
|
| 035 |
|
|
|a (OCoLC)1371977
|5 LACONCORD2021
|
| 111 |
2 |
0 |
|a International Astronomical Union.
|e Symposium
|n (22nd :
|c Rottach-Egern, Germany :
|d 1963)
|
| 245 |
0 |
0 |
|a Stellar and solar magnetic fields /
|c ed. by R. Lust.
|
| 260 |
|
|
|a Amsterdam :
|b North-Holland Pub. Co.,
|c 1965.
|
| 300 |
|
|
|a 460p.
|
| 650 |
|
0 |
|a Cosmic magnetic fields.
|
| 650 |
|
0 |
|a Stars.
|
| 651 |
|
0 |
|a Sun
|x Observations.
|
| 700 |
1 |
|
|a Lust, R.
|
| 852 |
8 |
|
|b CARM
|h A2:AE28B0
|i B00689
|p 0032048
|f BK
|
| 999 |
f |
f |
|i 667863d8-8d38-599d-bfdd-96485e0c84f7
|s 533b28d3-e2c0-5175-9485-03e9661a1ade
|
| 952 |
f |
f |
|p Can circulate
|a CAVAL
|b CAVAL
|c CAVAL
|d CARM 1 Store
|e B00689
|f A2:AE28B0
|h Other scheme
|i book
|m 0032048
|